000 00642nam a2200205 i 4500
001 bg
245 0 _aProceedings of the international congress of mathematicians :
_bAugust 16-24 1983 Warszawa.Vol.2 /
_cedts Zbigniew Ciesielski and Czesław Olech.
260 _aWarszawa ;
_aAmsterdam :
_bPWN :
_bNorth-Holland,
_c1984.
650 9 _aMatematyka
655 _aMateriały konferencyjne
700 1 _aCiesielski, Zbigniew.
_eRed.
700 1 _aOlech, Czesław.
_eRed.
020 _a830105235
040 _cBPK
041 _apol
080 _a51(061)
920 _a83-01-0523-5
942 _cKS
008 s pl f |000 0 pol
999 _c28099
_d28099
856 _uhttp://koha.tu.koszalin.pl/cgi-bin/koha/opac-detail.pl?biblionumber=28099
_yKatalog online BPK